[Event "Reykjavik op"]
[Site "Reykjavik"]
[Date "2024.03.18"]
[Round "5"]
[White "Jansen, Marijn"]
[Black "Wehding, Anton Bonsvig"]
[Result "1/2-1/2"]
[WhiteElo "1899"]
[BlackElo "2056"]
[PlyCount "121"]
[EventDate "2024.03.15"]
[EventType "swiss"]
[EventRounds "9"]
[EventCountry "ISL"]
[SourceTitle "CB13_2024"]
[SourceDate "2024.03.27"]
[SourceVersion "1"]
[SourceVersionDate "2024.03.27"]
[SourceQuality "1"]

1. e4 c5 2. Nc3 Nc6 3. Bb5 e6 4. Bxc6 bxc6 5. d3 d5 6. Qe2 c4 7. dxc4 Ba6 8. exd5 cxd5 9. Nxd5 Rc8 10. Ne3 Bc5 11. b3 Bd4 12. Rb1 Qa5+ 13. Bd2 Qxa2 14. Rd1 Bb7 15. Nf3 Bf6 16. 0-0 Ne7 17. Ng4 Qxc2 18. Nxf6+ gxf6 19. Nd4 Qg6 20. g3 a6 21. Bb4 e5 22. Rfe1 h5 23. Bxe7 Kxe7 24. Qd2 Kf8 25. Qb4+ Kg7 26. Qxb7 exd4 27. Rxd4 h4 28. Ree4 f5 29. Rxh4 Rb8 30. Qd5 Rhe8 31. Qd6 Rxb3 32. Qxg6+ fxg6 33. Rd7+ Kf6 34. Rhd4 Re6 35. R7d6 a5 36. c5 Rc3 37. Rxe6+ Kxe6 38. Rd6+ Kf7 39. Rc6 a4 40. Ra6 a3 41. Kg2 Kg7 42. h4 Kh6 43. c6 a2 44. Rxa2 Rxc6 45. Ra7 Rc3 46. Rd7 Ra3 47. Re7 Rc3 48. Re3 Rc2 49. Re7 Rc3 50. Rf7 Ra3 51. f4 Ra2+ 52. Kh3 Rb2 53. h5 Ra2 54. Rc7 g5 55. fxg5+ Kxh5 56. Rc4 Re2 57. Rb4 Kxg5 58. Rc4 Kf6 59. Rb4 Rd2 60. Rc4 Ke5 61. Ra4 1/2-1/2

[Event "Reykjavik op"]
[Site "Reykjavik"]
[Date "2024.03.16"]
[Round "2"]
[White "Birkisson, Bjorn Holm"]
[Black "Jansen, Marijn"]
[Result "1-0"]
[WhiteElo "2140"]
[BlackElo "1899"]
[PlyCount "55"]
[EventDate "2024.03.15"]
[EventType "swiss"]
[EventRounds "9"]
[EventCountry "ISL"]
[SourceTitle "CB13_2024"]
[SourceDate "2024.03.27"]
[SourceVersion "1"]
[SourceVersionDate "2024.03.27"]
[SourceQuality "1"]

1. e4 c6 2. d4 d5 3. e5 c5 4. dxc5 e6 5. a3 Bxc5 6. Qg4 Ne7 7. b4 Bb6 8. Bd3 Nbc6 9. Nf3 Ng6 10. Bxg6 hxg6 11. 0-0 Bd7 12. Nbd2 Bc7 13. Bb2 Rh5 14. Rfe1 Ne7 15. c4 b5 16. cxb5 Bxb5 17. a4 Bd3 18. Qd4 Bf5 19. g4 Bb6 20. Qf4 g5 21. Qg3 Rh6 22. gxf5 g4 23. fxe6 gxf3 24. exf7+ Kf8 25. Nxf3 Rg6 26. Ng5 Nf5 27. Nh7+ Kxf7 28. e6+ 1-0

[Event "Reykjavik op"]
[Site "Reykjavik"]
[Date "2024.03.16"]
[Round "3"]
[White "Jansen, Marijn"]
[Black "Field, Lila Quinn"]
[Result "1/2-1/2"]
[WhiteElo "1899"]
[BlackElo "1747"]
[PlyCount "149"]
[EventDate "2024.03.15"]
[EventType "swiss"]
[EventRounds "9"]
[EventCountry "ISL"]
[SourceTitle "CB13_2024"]
[SourceDate "2024.03.27"]
[SourceVersion "1"]
[SourceVersionDate "2024.03.27"]
[SourceQuality "1"]

1. e4 e5 2. Nf3 Nc6 3. Bc4 Nf6 4. d3 d6 5. 0-0 a6 6. Re1 Na5 7. Bb3 Nxb3 8. axb3 Be7 9. h3 0-0 10. Nc3 b6 11. Ne2 h6 12. Ng3 Re8 13. Bd2 Bf8 14. Bc3 c5 15. Qd2 Nh7 16. b4 Qf6 17. Qe2 Ng5 18. Nxg5 Qxg5 19. bxc5 dxc5 20. Bd2 Qg6 21. Qf3 Qc6 22. Nf5 Bxf5 23. Qxf5 c4 24. Re3 Re6 25. Rf3 Rf6 26. Qxe5 Rxf3 27. gxf3 cxd3 28. cxd3 Qd7 29. Qg3 h5 30. f4 Rd8 31. Bc3 Qxd3 32. Qxd3 Rxd3 33. Rxa6 Bc5 34. Kg2 Bd4 35. Bxd4 Rxd4 36. Rxb6 Rxe4 37. Kf3 Rc4 38. b4 Rc3+ 39. Kg2 Rb3 40. f5 h4 41. b5 Kh7 42. f6 Kg6 43. fxg7+ Kxg7 44. Rb8 Kf6 45. b6 Kf5 46. b7 Kf4 47. Rh8 Rxb7 48. Rxh4+ Kg5 49. Rg4+ Kh5 50. Kg3 Rb3+ 51. f3 Ra3 52. Rg7 f6 53. Kf4 Kh6 54. Rg8 Rb3 55. Ke4 Ra3 56. h4 Kh7 57. Rg3 Ra4+ 58. Kf5 Rxh4 59. Kxf6 Rf4+ 60. Ke5 Ra4 61. f4 Ra5+ 62. Ke6 Ra6+ 63. Kd5 Ra5+ 64. Ke4 Ra4+ 65. Kf3 Ra3+ 66. Kg4 Rxg3+ 67. Kxg3 Kg6 68. Kg4 Kf6 69. f5 Kf7 70. Kg5 Kg7 71. f6+ Kf7 72. Kf5 Kf8 73. Ke6 Ke8 74. f7+ Kf8 75. Kf6 1/2-1/2

[Event "Reykjavik op"]
[Site "Reykjavik"]
[Date "2024.03.15"]
[Round "1"]
[White "Jansen, Marijn"]
[Black "Molina Cruz, Jurgen Snaider"]
[Result "1-0"]
[WhiteElo "1899"]
[BlackElo "1708"]
[PlyCount "75"]
[EventDate "2024.03.15"]
[EventType "swiss"]
[EventRounds "9"]
[EventCountry "ISL"]
[SourceTitle "CB13_2024"]
[SourceDate "2024.03.27"]
[SourceVersion "1"]
[SourceVersionDate "2024.03.27"]
[SourceQuality "1"]

1. e4 Nf6 2. e5 Nd5 3. d4 d6 4. c4 Nb6 5. f4 g5 6. Nc3 Bg7 7. Be3 gxf4 8. Bxf4 dxe5 9. Bxe5 Bxe5 10. dxe5 Qxd1+ 11. Rxd1 Nc6 12. Nb5 0-0 13. Nxc7 Bg4 14. Nxa8 Bxd1 15. Nxb6 axb6 16. Kxd1 Nxe5 17. Be2 Rd8+ 18. Kc2 Nc6 19. Nf3 Nb4+ 20. Kb1 Ra8 21. a3 Nc6 22. Rd1 Kf8 23. Nd4 Ke8 24. Nxc6 bxc6 25. Bf3 Rc8 26. b4 Rc7 27. b5 cxb5 28. cxb5 Kf8 29. Rd8+ Kg7 30. Rb8 Ra7 31. Kb2 Kf6 32. Rxb6+ Kg5 33. Ra6 Rd7 34. b6 Rd2+ 35. Kc3 Rd6 36. Ra5+ f5 37. b7 Rb6 38. Ra8 1-0